01474nam a2200241Ia 4500001001100000003001000011008004100021040002500062041001300087100003400100245012200134250001100256260005400267300002800321500026000349501011400609520026000723650003200983942000701015957000601022999004201028952016201070L560-26136IT-CnALBA170116s9999||||xx |||||||||||||| ||und|| aIT-CnALBAcIT-CnALBA aITALIANO aFOERSTER GUGLIELMO, ASTRONOMO 0aUNIVERSO E UMANITÀ VOL. III. L'INVESTIGAZIONE DELL'UNIVERSO(VII) L'INVESTIGAZIONE DELLA FORMA GRANDEZZA E DENSITA'  a1a ed. aMILANObVALLARDI FRANCESCO & ANTONIO EDIT. cn.d. a538 p. (prefazione: 10) a... DENSITA' DELLA TERRA PARTE VIII. L'ESPLORAZIONE DEL MARE PARTE IX. BIBLIOTECA CAN. CHIESA. TRADUZIONE DI FAVARO G. A. E KWIETNIEWSKI C. ILLUSTRAZIONI NEL TESTO E TAVOLE FUORI TESTO. TEMPO. SFERICITA' DELLA TERRA. TRASFORMAZIONI DEL MONDO. MOVIMENTI DI aSocietà San Paolo EM - Piazza San Paolo, 14 - 12051 ALBA (CN) (non commercial uses only) ® Copyright 2017 a... DENSITA' DELLA TERRA PARTE VIII. L'ESPLORAZIONE DEL MARE PARTE IX. BIBLIOTECA CAN. CHIESA. TRADUZIONE DI FAVARO G. A. E KWIETNIEWSKI C. ILLUSTRAZIONI NEL TESTO E TAVOLE FUORI TESTO. TEMPO. SFERICITA' DELLA TERRA. TRASFORMAZIONI DEL MONDO. MOVIMENTI DI aPALEONTOLOGIA-PALEOZOOLOGIA cBK 71 a30923bNOg Copie: 1 c285248d285248 0010406L_5602613671aALBAbALBAd2017-01-16l0oL560-26136r2017-01-16 00:00:00w2017-01-16yBKz(data import: 16 gennaio 2017) - By Epidotti, Vaglietti.